| 000 | 00556nam a2200181Ia 4500 | ||
|---|---|---|---|
| 008 | 240729s9999 xx 000 0 und d | ||
| 022 | _a2301-6914 | ||
| 245 | 0 | _aJurnal Ilmiah Kursor: Menuju Solusi Teknologi Informasi | |
| 260 | _aIndonesia | ||
| 260 | _bInformatics Department, Engineering Faculty | ||
| 650 | _a Electronic computers. Computer science | ||
| 650 | _a Instruments and machines | ||
| 650 | _a Mathematics | ||
| 650 | _aScience | ||
| 856 | _uhttps://doaj.org/toc/76dfe34992dc44378aa04e705e09794d | ||
| 942 | _2ddc | ||
| 942 | _cDOAJEJ | ||
| 999 |
_c65677 _d65677 |
||
| 945 |
_a1 _bMadushi Gamage _c1 _dMadushi Gamage |
||